Návrh technológie zvárania explóziou medi s cínom : Bakalárska práca

Salvato in:
Dettagli Bibliografici
Autore principale: Vrábel, Ján (Autore)
Altri autori: Turňa, Milan (xxx)
Natura: Manoscritto Libro
Lingua:slovacco
Pubblicazione: Trnava : STU v Bratislave MtF KZv, 2006
Soggetti:
Tags: Aggiungi Tag
Nessun Tag, puoi essere il primo ad aggiungerne!!

MARC

LEADER 00000ntm a22000003a 4500
001 stu128618
005 20160719155457.6
008 061025s2006----xo------------------slo-d
040 |a STU  |b slo 
041 0 |a slo 
044 |a xo 
100 1 |a Vrábel, Ján  |4 aut 
245 1 |a Návrh technológie zvárania explóziou medi s cínom :  |b Bakalárska práca 
260 |a Trnava :  |b STU v Bratislave MtF KZv,  |c 2006 
300 |a 58 s  |c 1 CD-ROM 
650 7 |a technológie strojárskej výroby  |2 stusub 
650 7 |a zváranie explóziou  |2 stusub 
700 1 |a Turňa, Milan  |4 xxx  |u M3000  |U MTF Materiálovotechnologická fakulta  |T MTF Ústav výrobných technológií  |U M3000  |Y 83 
700 1 |a Nesvadba, Petr,  |d 1977-  |4 csl  |u M140  |T MTF Katedra zvárania  |X 60268  |U M140  |Y M140  |7 A000060268 
996 |b 284M074383  |c M*BP-1750  |l MMSKP  |s P  |a 0  |w stu128618_0001